000 00298nam a2200145Ia 4500
100 _aKanetkar/Yashavant P
942 _cBK
366 _f20
654 _ac
245 _aTest your C skills
260 _bBPB
_aNew Delhi
_c1997
082 _a005.133/KAN
_bKAN
300 _a255
546 _aENGLISH
999 _c18780
_d18780